| 000 | 00602nam a2200241Ia 4500 | ||
|---|---|---|---|
| 005 | 20250425162149.0 | ||
| 008 | 250425s9999 xx 000 0 und d | ||
| 020 | _a9701008758 | ||
| 041 | _aspa | ||
| 043 | _amx | ||
| 082 |
_a338.4791 _pBAL |
||
| 100 | _aBalam, Yumka | ||
| 245 | 0 |
_aSociología del Turismo _cYumka Balam |
|
| 250 | _aPrimera edición | ||
| 260 |
_aMéxico _bMC GRAW-HILL _c1996 |
||
| 300 |
_a248 páginas _bilustraciones _c23 cm. |
||
| 650 | _aSociedad | ||
| 650 | _aSociología | ||
| 650 | _aTurismo | ||
| 902 |
_aMonográfico _cImpreso |
||
| 942 | _c01 | ||
| 010 | _a54081 | ||
| 999 |
_c223640 _d223640 |
||